प्राचीन भारतीय इतिहास की अनुश्रुति (Record no. 1218677)
[ view plain ]
| 000 -LEADER | |
|---|---|
| fixed length control field | 00791nam a2200205Ia 4500 |
| 008 - FIXED-LENGTH DATA ELEMENTS--GENERAL INFORMATION | |
| fixed length control field | 241004s9999 xx 000 0 und d |
| 020 ## - INTERNATIONAL STANDARD BOOK NUMBER | |
| International Standard Book Number | 9789392235214 |
| 037 ## - SOURCE OF ACQUISITION | |
| Stock number | Textbook |
| 040 ## - CATALOGING SOURCE | |
| Original cataloging agency | ARTS |
| Language of cataloging | hin |
| Transcribing agency | ARTS |
| 041 ## - LANGUAGE CODE | |
| Language code of text/sound track or separate title | hin |
| Source of code | hin |
| 084 ## - COLON CLASSIFICATION NUMBER | |
| Classification number | V2:67.A 152R2 |
| Assigning agency | ARTS |
| 100 ## - MAIN ENTRY--PERSONAL NAME | |
| Personal name | पार्जिटर, एफ. ई., ले. |
| 9 (RLIN) | 724574 |
| 245 ## - TITLE STATEMENT | |
| Title | प्राचीन भारतीय इतिहास की अनुश्रुति |
| Statement of responsibility, etc. | पार्जिटर, एफ. ई., ले. |
| 260 ## - PUBLICATION, DISTRIBUTION, ETC. | |
| Place of publication, distribution, etc. | भारत |
| Name of publisher, distributor, etc. | दिल्ली, आर्यावर्त संस्कृति संस्थान, |
| Date of publication, distribution, etc. | 2021 |
| 300 ## - PHYSICAL DESCRIPTION | |
| Extent | 439पृ0 |
| 365 ## - TRADE PRICE | |
| Price type code | INR |
| Price amount | 900 |
| 650 ## - SUBJECT ADDED ENTRY--TOPICAL TERM | |
| Topical term or geographic name entry element | History-India |
| 942 ## - ADDED ENTRY ELEMENTS (KOHA) | |
| Koha item type | Textbook |
| Classification part | V2:67.A 152R2 |
| Withdrawn status | Lost status | Source of classification or shelving scheme | Damaged status | Not for loan | Home library | Current library | Date acquired | Source of acquisition | Cost, normal purchase price | Inventory number | Total Checkouts | Full call number | Barcode | Date last seen | Price effective from | Koha item type |
|---|---|---|---|---|---|---|---|---|---|---|---|---|---|---|---|---|
| Colon Classification (CC) | Arts Library | Arts Library | 2024-12-05 | Eastern Book Linkers | 900.00 | 136 & 10/01/2023 | V2:67.A 152R2 | AL1666735 | 2024-10-04 | 2024-10-04 | Textbook |
